000
00306nam a2200121Ia 4500
008
230303s9999 xx 000 0 und d
041
_a
eng
082
_a
004.365,SRI
100
_a
SRINIVASAN(A) SURESH (J)
245
_a
CLOUD COMPUTING A PRACTICAL APPROACH
260
_a
NEW DELHI
_b
PEARSON
365
_c
RS
999
_c
225734
_d
225734